Oslobodenie od dane z nehnuteľností
Zákon č. 582/2004 Z.z. o miestnych daniach a miestnom poplatku za komunálne odpady a drobné stavebné odpady v paragrafe 17 spoločných ustanovení pre daň z nehnuteľností upravil oslobodenie od dane z nehnuteľností. Citované ustanovenie rozlišuje dva druhy oslobodení - oslobodenie zo zákona a oslobode...
Na minha lista:
| Autor principal: | |
|---|---|
| Outros Autores: | |
| Formato: | Capítulo de Livro |
| Idioma: | eslovaco |
| Assuntos: | |
| Tags: |
Sem tags, seja o primeiro a adicionar uma tag!
|
MARC
| LEADER | 00000naa$a2200000$$$4500 | ||
|---|---|---|---|
| 001 | 0032427 | ||
| 005 | 20231114083455.1 | ||
| 041 | 0 | |a slo | |
| 044 | |a SK | ||
| 245 | 1 | 0 | |a Oslobodenie od dane z nehnuteľností |c Lýdia Pagáčová, Elena Račková |
| 520 | |a Zákon č. 582/2004 Z.z. o miestnych daniach a miestnom poplatku za komunálne odpady a drobné stavebné odpady v paragrafe 17 spoločných ustanovení pre daň z nehnuteľností upravil oslobodenie od dane z nehnuteľností. Citované ustanovenie rozlišuje dva druhy oslobodení - oslobodenie zo zákona a oslobodenie na základe všeobecne záväzného nariadenia obce. | ||
| 610 | 2 | 0 | |a dane z nehnuteľností |
| 610 | 2 | 0 | |a oslobodenie od daní |
| 610 | 2 | 0 | |a legislatíva |
| 610 | 2 | 0 | |a obce |
| 610 | 2 | 0 | |a Slovensko |
| 100 | 1 | |a Pagáčová, Lýdia | |
| 700 | 1 | |a Račková, Elena | |